Loading...
History - American History | 0 | 5 | 0 | 0 | 50 | 70 | 87.80 | 0 | 4 |
Science - Chemistry | 0 | 5 | 1 | 1 | 45 | 54 | 104.40 | 0 | 3 |
Science - Biology | 0 | 4 | 1 | 1 | 35 | 94 | 114.00 | 0 | 3 |
Science - Other Science | 0 | 3 | 0 | 0 | 30 | 64 | 82.67 | 1 | 2 |
Other | 0 | 3 | 0 | 0 | 30 | 74 | 89.00 | 0 | 3 |
History - World History | 0 | 3 | 0 | 1 | 30 | 74 | 104.33 | 0 | 2 |
History - Other History | 0 | 3 | 1 | 1 | 25 | 94 | 109.67 | 0 | 3 |
Social Science | 0 | 3 | 2 | 1 | 20 | 81 | 109.00 | 1 | 3 |
History - European History | 0 | 2 | 0 | 0 | 20 | 109 | 125.50 | 0 | 1 |
Philosophy | 0 | 2 | 0 | 0 | 20 | 111 | 116.00 | 1 | 1 |
Science - Physics | 0 | 2 | 0 | 2 | 20 | 125 | 129.00 | 0 | 0 |
Fine Arts - Other Fine Arts | 0 | 2 | 0 | 0 | 20 | 86 | 95.50 | 0 | 1 |
Religion | 0 | 1 | 0 | 1 | 10 | 124 | 124.00 | 0 | 1 |
Fine Arts - Painting & Sculpture | 0 | 0 | 1 | 0 | -5 | 0.00 | 0 | 0 |